[Event "Tata Steel-A 80th"]
[Site "Wijk aan Zee"]
[Date "2018.01.20"]
[Round "7"]
[White "Carlsen, Magnus"]
[Black "Hou, Yifan"]
[Result "1-0"]
[WhiteElo "2834"]
[BlackElo "2680"]
[Annotator "Golubev,Mikhail"]
[PlyCount "109"]
[EventDate "2018.01.13"]
[EventType "tourn"]
[EventRounds "13"]
[EventCountry "NED"]
[EventCategory "20"]
[SourceTitle "CBM 183"]
[Source "ChessBase"]
[SourceDate "2018.03.14"]
[SourceVersion "1"]
[SourceVersionDate "2018.03.14"]
[SourceQuality "1"]

1. c4 e6 2. Nc3 d5 3. d4 Nf6 4. cxd5 Nxd5 $5 5. e3 ({Principled lines are connected with e2-e4 (as Magnus twice successfully played in 2016 in the short control games against Kramnik) or} 5. Nf3 {first.}) 5... c5 $1 6. Bd3 ({A rare continuation, which was used by Geller sixty years ago but was not seen often after that. More standard is} 6. Nf3 {transposing to Carlsen's own 2010 rapid game against Hammer.}) 6... cxd4 7. exd4 Nxc3 $5 {Indeed, there were alternatives for Black here and on the previous move.} 8. bxc3 Qc7 9. Bd2 Nd7 $1 10. Qg4 $5 {This is probably new.} Nf6 ({Also} 10... g6 {is playable.}) 11. Qg3 $1 Qxg3 12. hxg3 {The world champion obtained a slightly better endgame. Surely nothing special, but often he does not need much.} Bd6 13. Nf3 ({Curious and probably deserving mention is} 13. Rh4 $5 {, preparing g3-g4. While} e5 {can be met by} 14. dxe5 Bxe5 15. Nf3 {followed by 16.f1!. But developing a knight, as Carlsen did, is very natural.}) 13... b6 $146 {Black could have tried to do without this move, developing the bishop to d7. But generally there's nothing wrong with Hou Yifan's approach.} ({RR} 13... h6 14. Ke2 Ke7 15. Rhb1 Rb8 16. a4 Bd7 17. Ne5 Rhc8 18. c4 Be8 19. a5 Nd7 20. f4 f6 21. Nf3 Nf8 22. Rb3 Bc6 23. Rab1 a6 24. f5 exf5 25. d5 Bd7 26. Rxb7 Rxb7 27. Rxb7 Bc5 28. Bxf5 {Gumularz,S (2461)-Szustakowski,A (2330) Suwalki 2018 1-0 (37)}) 14. a4 $1 Bb7 15. a5 Ke7 16. Ke2 Ne4 17. Be1 $5 {Otherwise White can't preserve her bishop pair.} h6 18. c4 Nf6 $6 {I do not like this retreat, after which White activates easily.} ({Instead,} 18... f5 $5 {looks OK, with decent counterchances for Black.}) 19. Bc3 $1 Be4 {Also this is somewhat illogical. Now White quickly develops strong pressure.} 20. Rhb1 Bxd3+ 21. Kxd3 Nd7 22. Nd2 $5 Rhd8 ({The alternative} 22... f5 {has serious drawbacks because it weakens the e6-pawn.}) 23. Ne4 Bc7 24. Bb4+ Ke8 {Black's position is passive and nearly critical. But, somewhat strangely, it's also hard to offer something absolutely convincing for White.} 25. f4 ({Instead,} 25. Kc3 $5 f5 26. Bd6 $1 Bxd6 27. Nxd6+ Ke7 28. Nb5 {also deserved attention, probably, and can be better than it looks.}) 25... Rac8 26. axb6 axb6 27. Ra7 {Essentially, White goes for a promising looking exchange sacrifice.} ({He also could have played the quieter:} 27. Nc3 $5 Nc5+ ({or} 27... Bb8 28. Ra8 Nc5+ 29. Bxc5 bxc5 30. Rb7 $1 {with the idea of} Rxd4+ 31. Ke2 Rdd8 32. Nb5 g5 33. Na7 Bxa7 34. Raxa7 {, etc.}) 28. Ke3 Nd7 29. Re1 $1 Bb8 30. Kd3 {and Black is worse after} Nc5+ $5 31. Bxc5 bxc5 32. d5 Kf8 {as well as in other lines.}) 27... Nb8 $1 28. Rxc7 $1 Rxc7 29. Nd6+ Kd7 30. Nxf7 Rdc8 {White has more than enough for the sacrificed exchange, but is it enough for a win? Possibly not.} 31. Ne5+ ({Or} 31. Bd6 $5 Ra7 (31... Rb7 $6 32. Be5 $1) 32. Rxb6 ({Black also should be able to survive the bizarre} 32. f5 $5 exf5 33. d5) 32... Ke8 33. Ne5 Nd7 34. Nxd7 Kxd7 35. Bc5 $5 Re8 $1 {and it's not clear how White can make progress.}) 31... Ke8 32. Bd6 Rb7 $1 33. c5 Nc6 $1 34. Rxb6 Rxb6 35. cxb6 {Further, Hou Yifan continued to defend a not-so-simple ending well, until her fatal mistake on the 50th move,} Nd8 $5 36. Bc7 Ra8 37. Kc4 Nb7 ({Also possible was} 37... Ra2 $5 {where White should avoid} 38. Kc5 ({other options:} 38. Kb5 $5) (38. g4 $5) 38... Ra5+ 39. Kd6 $4 {(well, Magnus would not play this even in bullet)} Rd5#) 38. Kb5 Ra2 39. g4 Ke7 $5 40. g3 $5 Nd6+ $1 41. Bxd6+ Kxd6 42. Nc4+ Kd7 43. Kc5 Rc2 $1 44. f5 exf5 45. gxf5 Rf2 46. Nd6 $1 ({After} 46. g4 {,} h5 $1 47. gxh5 Rxf5+ 48. Ne5+ Kc8 49. Kc6 Rf6+ {is an easy draw for Black.}) 46... Rg2 ({She could have tried} 46... h5 $5 {(not allowing White to connect his g- and f-pawns), which seems to be an easier way to the desired result for Black.}) 47. Ne4 Rb2 48. g4 $1 Rb1 49. Nd2 $1 Rh1 $5 50. d5 h5 $2 {It was necessary to abstain from this advance.} ({The waiting strategy was correct. For example,} 50... Rc1+ 51. Nc4 Rb1 $5 52. Ne5+ Ke7 ({but not} 52... Kd8 $2 53. Kc6 $1 $18 {and after} Rc1+ {White has} 54. Kd6) 53. d6+ Kd8 54. Kc6 Rc1+ {and if} 55. Kd5 Rb1 $1 {. But it's difficult to understand that Black can save a game by playing like this.}) 51. d6 $1 $18 {Now it's over.} Kc8 ({Or} 51... hxg4 52. b7 Rh8 53. Nc4 $1 Rb8 54. Ne5+ $1 Ke8 ({if} 54... Kd8 55. Nc6+) 55. Kc6 g3 56. Kc7 Rxb7+ 57. Kxb7 g2 58. Kc7 g1=Q 59. d7+ Ke7 60. d8=Q#) 52. gxh5 Rxh5 53. Kc6 {The black rook is misplaced.} Kb8 54. Ne4 Rxf5 55. Nc5 {One may feel sorry for the Chinese star who made so many strong moves but still lost this game.} 1-0

[Event "Dortmund 46th"]
[Site "Dortmund"]
[Date "2018.07.14"]
[Round "1"]
[White "Kramnik, Vladimir"]
[Black "Nisipeanu, Liviu Dieter"]
[Result "1/2-1/2"]
[WhiteElo "2792"]
[BlackElo "2672"]
[Annotator "Krasenkow,Michal"]
[PlyCount "92"]
[EventDate "2018.07.14"]
[EventType "tourn"]
[EventRounds "7"]
[EventCountry "GER"]
[EventCategory "19"]
[SourceTitle "CBM 186"]
[Source "ChessBase"]
[SourceDate "2018.09.14"]
[SourceVersion "1"]
[SourceVersionDate "2018.09.14"]
[SourceQuality "1"]

1. c4 e6 2. Nc3 d5 3. d4 Nf6 4. cxd5 exd5 5. Bg5 c6 6. e3 Bf5 7. Qf3 Bg6 8. Bxf6 Qxf6 9. Qxf6 gxf6 10. Nf3 Nd7 11. Nh4 Be7 12. Ne2 {A relatively new move order in this well-known position, introduced by Magnus Carlsen two years ago.} ({In the event of} 12. g3 Nb6 13. f3 (13. Ne2 {can now be met with} Bb4+ 14. Kd1 Nc4) (13. O-O-O Nc8) 13... Nc8 14. Kf2 Nd6 {Black rearranges his pieces in a proper way. A recent example from GM practice:} 15. Rd1 a5 16. b3 Kd7 17. Bh3+ Kd8 18. Rhe1 f5 19. Ng2 h5 20. Nf4 Bg5 21. Nxg6 fxg6 22. e4 fxe4 23. fxe4 dxe4 24. Nxe4 Rf8+ 25. Kg2 Nxe4 26. Rxe4 Kc7 $11 {1/2 (28) Moiseenko,A (2649)-Rakhmanov,A (2653) Izmir 2016}) 12... f5 (12... Nb6 {is too late as this knight can't reach d6 and control the f5-square in time:} 13. Ng3 Bb4+ (13... Nc8 14. f4 $16 {[%cal Rf4f5]}) 14. Kd1 Na4 15. Ngf5 $1 Kd7 (15... Nxb2+ 16. Kc2 Nc4 17. Bxc4 dxc4 18. Rhb1 c5 19. a3 Ba5 20. Nxg6 hxg6 21. Nd6+ Kd7 22. Nxb7 $16 {1-0 (29) Holt,C (2561)-Miller,D (2219) Norfolk 2017}) 16. Rb1 Ke6 $6 {[%csl Re6]} (16... Rhc8 $142 17. Bd3 $14 {M.Marin}) 17. Bd3 Rhc8 18. Ke2 Bf8 19. g4 c5 $6 (19... Kd7 $142 {M.Marin}) 20. Ng2 $1 $16 {[%cal Rg2f4,Rh2h4] 1-0 (50) Carlsen,M (2851)-Kramnik,V (2801) Stavanger 2016 CBM 172 [Marin,M]}) (12... Bb4+ 13. Kd1 O-O-O 14. Ng3 Nf8 15. Ngf5 Ne6 16. Bd3 Ba5 17. Ke2 Rhe8 18. g3 Bb6 19. Rad1 Kb8 20. Kf1 c5 21. dxc5 Nxc5 22. Kg2 $14 {M. Marin}) 13. g3 $5 {[%mdl 32] White is not concerned about doubling his pawns as he will dominate on the dark squares.} (13. Nf3 {is less energetic but possible, too:} Nf6 14. a3 Bd6 15. g3 Ke7 16. Nh4 Ng4 (16... Ne4 17. f3 Ng5 18. Kf2 Kf6 19. h3 Ne6 20. Rd1 a5 21. Ng2 Rhe8 22. h4 h6 23. Ngf4 Re7 24. Bh3 Rae8 25. Rhe1 $14 {1/2 (69) Martinovic,S (2551)-Kovacevic,B (2483) Valpovo 2017}) 17. Ng2 a5 18. f3 Nf6 19. Nef4 Ne8 20. Bd3 Bc7 21. Rc1 a4 22. Kf2 Ra5 23. h4 h5 24. g4 Ng7 25. g5 $14 {0-1 (71) Parligras,M (2599)-Kovalenko,I (2644) Gjakova 2016}) 13... Bxh4 (13... Nb6 14. Nf4 Nc8 15. Bd3 Nd6 16. b4 a6 17. Ke2 Ne4 18. a3 Kd7 19. Rhc1 Rhe8 20. Nhg2 Nd6 21. h4 h6 22. a4 b5 23. Rc2 Ne4 24. Rac1 Rec8 25. axb5 axb5 26. f3 $14 {1-0 (50) Bai,J (2586)-Sethuraman,S (2633) Chengdu 2017}) (13... Nf6 14. Bh3 Ng4 15. Nf4 Bd6 16. Ke2 a5 17. Kf3 Nh6 18. Bf1 Ng8 19. Bd3 Ne7 {1-0 (74) Volkov,S (2618)-Rakhmanov,A (2664) Khanty-Mansiysk 2016 , and here White should have probably played} 20. Kg2 $14 {[%cal Yh4f3,Yh2h4]}) (13... Nf8 $5 {needs closer examination. In the following games GM Miroslaw Grabarczyk held his ground:} 14. Ng2 (14. Nf4 Bxh4 15. gxh4 Ne6 16. Be2 Nxf4 17. exf4 f6 18. Rg1 Rg8 19. Kd2 Kf8 20. Rg3 Be8 21. Bd3 Bd7 22. Re1 Kf7 {1/2 (22) Fedorovsky,M (2498)-Grabarczyk,M (2441) Germany 2017}) 14... h5 15. h4 Nd7 16. Ngf4 Nf6 17. Nd3 a5 18. Nef4 Bd6 19. Be2 Ke7 20. f3 Nd7 21. Kf2 Kf6 22. Rhc1 Ra7 23. a4 Re8 {1/2 (23) Ahlander,B (2435)-Grabarczyk,M (2402) Bremen GER 2018}) 14. gxh4 Nf6 (14... Ke7 15. Nf4 h6 16. b4 Nf8 17. Rg1 Kf6 18. h5 Bh7 19. Nd3 $6 (19. b5 $5) 19... Ne6 20. f4 a5 21. b5 cxb5 22. Bg2 Rhg8 23. Kd2 Rad8 24. a3 Ke7 25. Bf3 Rxg1 26. Rxg1 Nc7 27. Rc1 Kd6 28. Nc5 Rb8 29. Rg1 {1/2 (29) Moiseenko,A (2648)-Cyborowski,L (2524) Germany 2016}) 15. f3 {This move is probably unnecessary.} (15. Rg1 Ke7 16. Nf4 Nh5 17. Be2 Nxf4 18. exf4 h5 19. Rg3 Kd6 20. Kd2 Rae8 21. Bd3 a5 22. Re3 Rxe3 23. fxe3 b5 24. Rc1 f6 25. Rg1 Rh6 $14 {1/2 (60) Batchuluun,T (2571)-Usmanov,V (2463) St Petersburg RUS 2017}) (15. Ng3 $5 {was probably the most promising:} f4 $6 (15... Nh5 $6 16. Be2 $1) (15... Kf8 $5 {[%cal Yf5f4,Ya8e8]} 16. Be2 $5) 16. exf4 Nh5 17. Nxh5 Bxh5 18. Rg1 Kf8 19. Kd2 Re8 20. Bd3 h6 21. Rg3 Re6 22. Rag1 Ke7 23. Rg8 Rxg8 24. Rxg8 Kf6 25. f5 $16 {1/2 (57) Lorparizangeneh,S (2515)-Usmanov,V (2455) St Petersburg RUS 2017}) ({RR} 15. Nf4 Nh5 16. Kd2 Nxf4 17. exf4 a5 18. Be2 h5 19. Rae1 Kd7 20. Bd3 Rae8 21. Re5 f6 22. Re3 Rxe3 23. fxe3 Ke6 24. Rg1 Bf7 25. Be2 Ke7 26. Kc3 Ra8 27. Bd3 Ke6 28. Rg7 b5 29. Be2 Rg8 {Ding,L (2791)-Anand,V (2753) Chess.com INT 2020 ½-½ (54)}) ({RR} 15. Nf4 Nh5 16. Be2 Nxf4 17. exf4 h5 18. Kd2 Ke7 19. Bf3 f6 20. Rae1+ Kf7 21. Re3 Rae8 22. Rhe1 Rxe3 23. fxe3 a5 24. a4 Ke7 25. Rg1 Bf7 26. Be2 Rh6 27. Rb1 Kd6 28. Rg1 {½-½ (28) Yao,H (2105)-Bhatta,R (2008) Sunnyvale USA 2026}) ({RR} 15. Rg1 Ke7 16. Bh3 Rae8 17. Nf4 Kd6 18. Kd2 Re7 19. a4 a5 20. Ra3 Rhe8 21. Rb3 Kc7 22. Rc1 Kd6 23. Bg2 Nh5 24. Nxd5 cxd5 25. Rb6+ Kd7 26. Bf1 Kd8 27. Bb5 Re4 28. Rxb7 Nf6 29. b4 f4 {Kramnik,V (2779)-Aleksandrov,A (2602) Batumi 2018 1-0 (42)}) 15... Ke7 $146 ({RR} 15... Nh5 16. Kf2 Ke7 17. Bh3 Rhe8 18. Rhg1 Kd6 19. Rac1 Re7 20. f4 Nf6 21. Ng3 Ke6 22. Rc5 h5 23. Rgc1 Ng4+ 24. Bxg4 fxg4 25. e4 Bxe4 26. Nxe4 dxe4 27. Rxh5 Rd8 28. Re5+ Kf6 29. Rd1 e3+ 30. Kxe3 {Le,Q (2715)-Akobian,V (2625) Saint Louis 2019 ½-½ (62)}) 16. Rg1 Nh5 17. Kf2 Rae8 18. b4 f4 {[%mdl 512] This is more to the point now: Black's bishop becomes active, and White can't push f4-f5 to "kill" it.} 19. Nxf4 Nxf4 20. exf4 Kf6 21. a4 Bf5 22. Ra2 Re7 23. Re2 Rxe2+ 24. Bxe2 a6 25. Ke3 h6 26. Kd2 Ra8 {Anticipating the opening of the a-file in the event of b4-b5.} 27. a5 {After this move White can't break through anywhere, and the game ends in a draw.} Re8 28. h5 Rc8 29. Ke3 Re8+ 30. Kf2 Rc8 31. Ke1 Re8 32. Kd2 Rc8 33. Bd3 Bxd3 34. Kxd3 Re8 35. h4 Rc8 36. Ke3 Re8+ 37. Kf2 Rc8 38. Re1 Ra8 39. Re5 Rb8 40. Re3 Ra8 41. f5 Rc8 42. Re1 Rd8 43. Kg3 Rc8 44. Kf2 Rd8 45. Kg3 Rc8 46. Kf2 Rd8 1/2-1/2

[Event "13th Norway Chess 2025"]
[Site "Stavanger NOR"]
[Date "2025.06.06"]
[Round "10.1"]
[White "Erigaisi, Arjun"]
[Black "Carlsen, Magnus"]
[Result "1/2-1/2"]
[WhiteElo "2782"]
[BlackElo "2837"]
[Annotator "Tactical Analysis 7.0"]
[PlyCount "111"]
[EventDate "2025.05.26"]

1. d4 d5 2. c4 e6 3. Nc3 Nf6 4. cxd5 exd5 5. Bg5 Be7 6. e3 O-O 7. Bd3 h6 8. Bh4 c6 9. Nge2 Nbd7 10. O-O $1 {10.0-0 is better than 10.Qc2.} a5 {D35: Queen's Gambit Declined: Exchange Variation.} ({RR} 10... Nh5 11. Bxe7 Qxe7 12. Qd2 Re8 13. Rae1 Nb6 14. Nf4 Nf6 15. f3 c5 16. g4 Be6 17. h4 Nh7 18. Qh2 cxd4 19. exd4 Qf6 20. Re5 g6 21. Rfe1 Bd7 22. Ncxd5 Qd6 23. Nxg6 Rxe5 24. Rxe5 Be6 25. Nge7+ {Ding,L (2808)-Abdusattorov,N (2677) Chess.com INT 2022 1-0}) 11. f3 ({RR} 11. Rc1 Re8 12. f3 b5 13. Kh1 Ba6 14. Bf2 Qb8 ({RR} 14... Bf8 15. Ng3 Qb8 16. e4 dxe4 17. fxe4 b4 18. Nce2 c5 19. dxc5 Rd8 20. c6 Nc5 21. Bxc5 Bxc5 22. Rxc5 Rxd3) 15. Ng3 b4 16. Nce2 Bxd3 17. Qxd3 c5 18. dxc5 Nxc5 19. Qb1 Bf8 20. Rfd1 Qb5 21. Nf4 Ne6 22. Nf5 Rac8 23. h3 Nxf4 24. exf4 Nh5 25. Nd4 Qd7 {Duda,J (2725)-Carlsen,M (2839) Zagreb CRO 2025 ½-½ (65)}) ({RR} 11. Rc1 Re8 12. f3 b5 13. Kh1 Ba6 14. Bf2 Qb8 15. Ng3 b4 16. Nce2 Bxd3 17. Qxd3 c5 18. dxc5 Nxc5 19. Qb1 Bf8 20. Rfd1 Qb5 21. Nf4 Ne6 22. Nf5 Rac8 23. h3 Nxf4 24. exf4 Nh5 25. Nd4 Qd7 {Duda,J (2725)-Carlsen,M (2839) Zagreb 2025 ½-½ (65)}) 11... b5 {[%cal Bb7b5,Bb5b4][%mdl 32]} 12. Qc2 Re8 13. e4 $146 ({RR} 13. a3 Ba6 14. Kh1 Qb8 15. Bg3 Qb7 16. e4 b4 17. Nd1 Bxd3 18. Qxd3 dxe4 19. fxe4 c5 20. e5 Qe4 21. Nf2 Qxd3 22. Nxd3 Nd5 23. dxc5 Nxc5 24. Nxc5 Bxc5 25. Rfd1 Ne3 26. Rdc1 Bf8 27. Nd4 bxa3 {Mesaros,F (2415)-Sebenik,M (2509) Austria 2022 ½-½ (44)}) ({RR} 13. Rae1 Ba6 14. Bf2 Nb6 15. Ng3 b4 16. Bxa6 Rxa6 17. Nd1 Nbd7 18. e4 dxe4 19. fxe4 c5 20. e5 Nd5 21. Nf5 Bf8 22. Bh4 Qb6 23. Nd6 Bxd6 24. Qf5 N7f6 25. exf6 Rxe1 26. Rxe1 Qc6 27. fxg7 cxd4 {Bercaru,V (2065)-Sabuk,P (2375) Roquetas de Mar ESP 2025 1-0 (44)}) ({RR} 13. Kh1 Ba6 14. Rad1 Qb8 ({RR} 14... Qb6 15. Bf2 Rad8 16. e4 dxe4 17. fxe4 Ng4 18. Bg1 Qb8 19. h3 Ngf6 20. e5 Nd5 21. Bh7+ Kh8 22. Rxf7 Nb4 23. Qg6 Bf8 24. Rdf1 Nd5 25. Nxd5 cxd5 26. Nf4 b4 27. Qxa6 Kxh7 28. Qg6+ Kh8 29. Qh5) 15. e4 b4 16. Nb1 Bxd3 17. Qxd3 dxe4 18. fxe4 Nxe4 19. Qxe4 Bxh4 20. Qxc6 Ra7 21. Nf4 Nf6 22. Qf3 Rae7 23. Rd3 Re1 24. Nd2 Bg5 25. g3 Qc8 26. Rxe1 Rxe1+ 27. Kg2 Bxf4 {Sele,T (1699)-Silva,M (2005) Budapest HUN 2024 0-1 (42)}) ({RR} 13. Kh1 Ba6 14. Rad1 Qb8 15. e4 b4 16. Nb1 Bxd3 17. Qxd3 dxe4 18. fxe4 Nxe4 19. Qxe4 Bxh4 20. Qxc6 Ra7 21. Nf4 Nf6 22. Qf3 Rae7 23. Rd3 Re1 24. Nd2 Bg5 25. g3 Qc8 26. Rxe1 Rxe1+ 27. Kg2 Bxf4 {Sele,T (1699)-Silva,M (2005) Budapest HUN 2024 0-1 (42)}) ({RR} 13. Bf2 Bb7 14. h3 Rc8 15. Bf5 g6 16. Bxg6 fxg6 17. Qxg6+ Kh8 18. e4 Nh7 19. e5 b4 20. Nd1 Ba6 21. Re1 Rg8 22. Qxh6 Bg5 23. Qd6 Qe8 24. e6 Qg6 25. Bg3 Ndf6 26. Nf2 Be3 27. Qe5 Bxe2) ({RR} 13. Kh1 Ba6 14. Rae1 Qb6 15. Bf2 Rac8 16. e4 b4 17. Nd1 c5 18. Bxa6 Qxa6 19. e5 cxd4 20. Qf5 g6 21. Qh3 Nxe5 22. Bxd4 Nd3 23. Ne3 Nxe1 24. Rxe1 Bf8 25. Ng3 Bg7 26. Rg1 Qe6 27. Ngf5 gxf5 {Andreikin,D (2710)-Duda,J (2739) chess.com INT 2026 0-1 (31)}) 13... b4 14. Na4 dxe4 15. fxe4 Nxe4 16. Bxe7 (16. Bxe4 Bxh4 17. Bxc6 Ba6 $17) 16... Qxe7 17. Qxc6 Nef6 $146 ({Predecessor:} 17... Rb8 18. Rae1 Bb7 19. Qb5 Qd6 20. Qf5 Ndf6 21. b3 Rbd8 22. Qxa5 Ng4 23. Qh5 Nef6 {0-1 Wu,D (2225)-Kravtsiv,M (2598) Titled Tuesday intern op 26th Nov Late Chess.com INT blitz 2024 (3)}) 18. Qxa8 $16 (18. Rxf6 $2 Nxf6 19. Qc1 Bg4 $19) 18... Qe3+ 19. Kh1 $1 Qxd3 20. Nf4 Qxd4 21. Rad1 (21. Qxa5 Ng4 $11) 21... Qe5 (21... Qe3 $16) 22. Rc1 $1 $18 Nf8 23. Rxc8 Qxf4 {[%cal Rf4f1][%mdl 64] Deflection, Back Rank} 24. Qa6 $36 {[%mdl 2048] White is on the roll.} Qxf1+ {[%mdl 64] Deflection} 25. Qxf1 Rxc8 26. h3 $1 Rd8 27. Qa6 Rd5 28. Nb6 Rc5 29. Nc4 Ne6 (29... Ng6 $16) 30. Nxa5 g5 31. Nc4 g4 32. b3 gxh3 33. gxh3 Rh5 34. Kh2 (34. Kg2 $1 $16) 34... Kg7 35. Qb7 {[%cal Oc4d6]} Ng5 $1 36. Nd6 {[%cal Oh2g2]} (36. Qxb4 Rxh3+ 37. Kg2 (37. Kg1 h5 $16) 37... Rf3 $16) 36... Rxh3+ 37. Kg2 {[%cal Od6f7]} Rd3 38. Nf5+ Kg6 39. Ne7+ Kh5 40. Qxb4 {[%mdl 8192]} ({White should try} 40. Qa6 $15 Rd2+ 41. Kg3) 40... Nfe4 $19 41. Kf1 Rd2 42. Qb5 $2 (42. Qxd2 Nxd2+ 43. Ke2) 42... Rd1+ 43. Kg2 {White wants to mate with Qe2+.} Rd2+ 44. Kf1 (44. Kg1 {only move.}) 44... Kg4 {(  ...Ng3+)} 45. Qf5+ Kg3 {[%cal Og5f3]} 46. Qe5+ Kf3 {[%cal Rd2d1]} 47. Qf5+ Kg3 {[%cal Og5f3] (  ...Nf3!)} 48. Qe5+ Kf3 {[%cal Rd2d1]} 49. Qf5+ {[#]} Ke3 $1 50. Nd5+ Kd4 51. Ke1 Rxa2 {and ...Ra1+ should not be overlooked} 52. Qd7 (52. Nb4 $2 Ra1+ 53. Ke2 Ng3+ 54. Kf2 Rf1+ (54... Nxf5 55. Nc2+ Kc3 56. Nxa1 $19) 55. Kxg3 Rxf5 $19) 52... Ra1+ 53. Ke2 Ra2+ 54. Ke1 {[#]} (54. Kd1 $2 Rd2+ 55. Kc1 Ke5 $19) 54... Ra1+ ({Black should try} 54... Nc5 $1 {[%cal Rc5d7]} 55. Qd8 (55. Qf5 $2 Nce4 $19) 55... Nge6 (55... Nxb3 $2 {is the wrong capture.} 56. Nb4+ {[%csl Od4][%mdl 64] Discovered Attack (Check)} Kc4 57. Nxa2 $18)) 55. Ke2 $17 {and Ne3+ should not be overlooked. The board is on fire.} Ra2+ {White used his chance. A brilliant game!  Weighted Error Value: White=0.36/Black=0.29 (precise)} 56. Ke1 $1 ({Don't blunder} 56. Kd1 $2 Rd2+ 57. Kc1 Ke5 $19) 1/2-1/2